000 ncm a22 a 4500
999 _c352140
_d352140
003 BLK
005 20200407124010.0
008 200327b bu |||||r|||| 00| 0 bu d
040 _aBLK
041 _aBUL
_cBUL
080 _aМаршови песни. Национални химни
_b784.71
_z784.71
139 _aСборник революционни и трудови маршови песни
_bС 23
245 _aСборник революционни и трудови маршови песни
_cсъст. Цанко Колев
260 _9209548
_aСофия
_bНаука и изкуство
_c1961
300 _a80 с. с ноти
_c26 см
380 _a7
505 _tСъдържа 75 песни
650 7 _9166108
_aПесни
650 7 _9176633
_aХимни, национални
650 0 _9402915
_aМаршове
653 7 _9193581
_aпесни
700 _91478
_aКолев, Цанко
_eсъстав.
852 _aЦб М 445
_bЦб
942 _cNOT
_n0
_s1
944 _aCR
_c2020-04-07
_kК.Д.
_l2020-04-07
999 _d352140
999 _d352132
999 _d352132
999 _d349668
999 _d349668
999 _d349668
999 _d349668
999 _d349668
999 _d349668